i Queremos la paz! Documentos de organizaciones y grupos cristianos sobre la paz en Centroamérica

Gorde:
Xehetasun bibliografikoak
Egile nagusia: Meléndez, Guillermo
Formatua: Ezezaguna
Argitaratua: San José: DEI
Etiketak: Etiketa erantsi
Etiketarik gabe, Izan zaitez lehena erregistro honi etiketa jartzen!

MARC

LEADER 00000 a2200000 04500
001 14690
003
008 991231s d
040
020 |a 9977-904-04-9  
022 |a 9977-904-04-9  
090 |a 017614  
100 |a Meléndez, Guillermo  
245 |a i Queremos la paz! Documentos de organizaciones y grupos cristianos sobre la paz en Centroamérica  
260 |a San José:   |b DEI  
300 |a 150 p  
999 |c 14491  |d 14491